Veľký slovník skratiek Európskej únie

Saved in:
Bibliographic Details
Main Author: Elman, Jiří (Author)
Format: Book
Language:Slovak
Published: Bratislava : Agentúra SMER, 2002
Subjects:
Online Access:OBSAH
Tags: Add Tag
No Tags, Be the first to tag this record!

MARC

LEADER 00000nam a22000003a 4500
001 stu77310
005 20150617225641.7
008 020923s2002----xo------------------slo-d
020 |a 80-968355-3-X 
040 |a STU  |b slo 
041 0 |a slo 
044 |a xo 
080 |a 801.316.3 
100 1 |a Elman, Jiří  |4 aut 
245 1 |a Veľký slovník skratiek Európskej únie 
260 |a Bratislava :  |b Agentúra SMER,  |c 2002 
300 |a 1034 s  |c 20 s. príl. 
650 7 |a Európska únia  |2 stusub 
856 4 |a https://sweb.mtf.stuba.sk/obsahy/velky_slovnik_skratiek_europskej_unie_02  |u https://sweb.mtf.stuba.sk/obsahy/velky_slovnik_skratiek_europskej_unie_02  |3 OBSAH 
996 |b 284M050557  |c M*10946-1  |l MMST  |s A  |a 24  |w stu77310_0001